000 00300 a2200133 4500
001 153897
040 _cEscola São Tomás de Aquino
100 _aMACHADO, Ana Maria
240 1 0 _aMenino Poti
_lpor
245 1 0 _aMenino Poti
440 1 _aSalamandra
697 _a*LITERATURA INFANTIL
942 _cBK
999 _c153897
_d153897